LEADER 01179cam0-22004211i-450- 001 990006754410403321 005 20050203121300.0 010 $a1-85278-117-3 035 $a000675441 035 $aFED01000675441 035 $a(Aleph)000675441FED01 035 $a000675441 100 $a20010426d1988----km-y0itay50------ba 101 0 $aeng 102 $aGB 105 $aa-------001yy 200 1 $a<>Keynesian heritage$fedited by G. K. Shaw 210 $aAldershot$cElgar$d1988 215 $a2 v. (XI, 334 p., 379 p.)$cill.$d24 cm 225 1 $aSchools of thought in economics$v1 610 0 $aKeynes e la scuola Keynesiana 676 $a330.15 676 $aD/8.11 702 1$aShaw,$bGraham Keith$f<1938- > 801 0$aIT$bUNINA$gRICA$2UNIMARC 801 0$aIT$bUNINA$gRICA$2UNIMARC 901 $aBK 912 $a990006754410403321 952 $aXI B 239 (1)I$b7419$fFSPBC 952 $aXI B 239 (1)II$b7420$fFSPBC 952 $aXV G1 156$b8094$fDTE 952 $aD/8.11 SHA/N.A.$b9142$fSES 952 $aD/8.11 SHA/N.A.$b9143$fSES 959 $aFSPBC 959 $aDTE 959 $aSES 996 $aKeynesian heritage$959377 997 $aUNINA LEADER 02040nam0 2200493 i 450 001 VAN0114965 005 20220314100001.378 017 70$2N$a978-3-319-29046-1 100 $a20180216d2016 |0itac50 ba 101 $aeng 102 $aCH 105 $a|||| ||||| 200 1 $aMeasure and integration$fHari Bercovici, Arlen Brown, Carl Pearcy 210 $aCham$cSpringer$d2016 215 $aXI, 300 p.$d24 cm 500 1$3VAN0242877$aMeasure and integration$91523450 606 $a42-XX$xHarmonic analysis on Euclidean spaces [MSC 2020]$3VANC019851$2MF 606 $a28-XX$xMeasure and integration [MSC 2020]$3VANC019878$2MF 606 $a28A05$xClasses of sets (Borel fields, $\sigma$-rings, etc.), measurable sets, Suslin sets, analytic sets [MSC 2020]$3VANC024455$2MF 606 $a54G05$xExtremally disconnected spaces, $F$-spaces, etc. [MSC 2020]$3VANC032928$2MF 610 $aAnalytic set$9KW:K 610 $aBorel set$9KW:K 610 $aFourier analysis$9KW:K 610 $aFourier series$9KW:K 610 $aFourier transform$9KW:K 610 $aFunctional algebra$9KW:K 610 $aLebesgue Integral$9KW:K 610 $aMaximal function$9KW:K 610 $aMeasure Theory$9KW:K 610 $aMeasure space$9KW:K 610 $aStandard measure space$9KW:K 620 $aCH$dCham$3VANL001889 700 1$aBercovici$bHari$3VANV088974$054415 701 1$aBrown$bArlen$3VANV024284$041987 701 1$aPearcy$bCarl M.$3VANV024285$058136 712 $aSpringer $3VANV108073$4650 801 $aIT$bSOL$c20240614$gRICA 856 4 $uhttp://dx.doi.org/10.1007/978-3-319-29046-1$zE-book ? Accesso al full-text attraverso riconoscimento IP di Ateneo, proxy e/o Shibboleth 899 $aBIBLIOTECA CENTRO DI SERVIZIO SBA$2VAN15 912 $fN 912 $aVAN0114965 950 $aBIBLIOTECA CENTRO DI SERVIZIO SBA$d15CONS SBA EBOOK 2365 $e15EB 2365 20180216 996 $aMeasure and integration$91523450 997 $aUNICAMPANIA